Tratado de los derechos de garantía
Uloženo v:
| Hlavní autoři: | , , |
|---|---|
| Médium: | Kniha |
| Jazyk: | španělština |
| Vydáno: |
Pamplona
Aranzadi
2002
|
| Vydání: | 1a. ed |
| Edice: | Colección Monografías Aranzadi, 194
|
| Témata: | |
| Tagy: |
Přidat tag
Žádné tagy, Buďte první, kdo vytvoří štítek k tomuto záznamu!
|
MARC
| LEADER | 00000nam a2200000 a 4500 | ||
|---|---|---|---|
| 001 | UCM7974 | ||
| 003 | CL-VaPUC | ||
| 008 | 030117e20020000SP |||||||||||||||||spa|d | ||
| 020 | |a 848410818X | ||
| 082 | 0 | 4 | |a 346.074 |b CAR |2 21 |
| 100 | 0 | |a Carrasco Perera, Angel |e author |9 473783 | |
| 700 | 0 | |a Cordero Lobato, Encarna |e author |9 473784 | |
| 700 | 0 | |a Marín López, Manuel Jesús |e author |9 473785 | |
| 245 | 1 | 0 | |a Tratado de los derechos de garantía |
| 250 | |a 1a. ed | ||
| 300 | |a 1087 p | ||
| 942 | |c BK | ||
| 945 | |d 20030117 00:00:00 |a vberengu | ||
| 260 | |a Pamplona |b Aranzadi |c 2002 | ||
| 650 | 0 | |a Fianza |9 384920 | |
| 650 | 0 | |a Ordenamiento jurídico |9 355371 | |
| 583 | |a last modification |c 20130608 01:47:48 |k Rodrigo Vera | ||
| 490 | 0 | |a Colección Monografías Aranzadi, 194 | |
| 999 | |c 302595 |d 302593 | ||
| 952 | |0 0 |1 0 |4 0 |6 346_074000000000000_CAR_2002 |7 0 |8 A |9 363272 |a BIBDER |b BIBDER |d 2019-11-21 |i 3876365 |o 346.074 CAR 2002 |p 3876365 |r 2023-01-25 |w 2019-11-21 |y BK |k DER | ||
| 952 | |0 0 |1 0 |4 0 |6 346_074000000000000_CAR_2002 |7 0 |8 A |9 363273 |a BIBDER |b BIBDER |d 2019-11-21 |i 4762843 |o 346.074 CAR 2002 |p 4762843 |r 2023-01-25 |w 2019-11-21 |y BK |k DER | ||